000 01470nab a2200241 i 4500
001 768714001
003 CO-MdFUSB
005 20240524103820.0
008 240524t1974 sp ||||| |||| 00| 0 spa d
040 _bspa
_cCO-MdFUSB
_dCO-MdFUSB
041 _aspa
100 _aKahlefeld, Heinrich,
_eautor
245 _aJesús como terapeuta
_c/ Heinrich Kahlefeld ; traducido por Jesús Larriba
520 _aLa investigación ha recuperado de nuevo la confianza en que, aplicando criterios positivos y negativos, es posible reconocer o descubrir un resto considerable de auténticas tradiciones de Jesús; ello autoriza a hablar con fundamento de una actividad terapéutica de Jesús. Mas no se trata de aquellas curaciones psicosomáticas que, como signo profético, esclarecen y corroboran el mensaje acerca de la inminente llegada del Reino de Dios, sino de las acciones que liberan al hombre afectado de los bloqueos, a veces muy profundos, que le impiden una relación con Dios abierta, llena de confianza y que impulse a la acción.
650 0 _aVida cristiana
_919
650 7 _aPsicología de la forma
_97256
650 7 _aCristología
_9239
653 _aTerapia
700 _aLarriba, Jesús, ‎
_etraductor
773 0 _049450
_982679
_oR2589
_tRevista internacional de teología Concilium
_w(CO-MdFUSB)8
_x0210-1041
_gVolumen 99, (noviembre, 1974 ) páginas: 338 - 343
_qpáginas: 338
942 _cANA
945 _aCatherine Arias Álvarez - Practicante SENA
999 _c69900
_d69900